God, the Almighty : (Record no. 10240)
[ view plain ]
| 000 -LEADER | |
|---|---|
| fixed length control field | 01195cam a2200277 a 4500 |
| 001 - CONTROL NUMBER | |
| control field | 33079207 |
| 003 - CONTROL NUMBER IDENTIFIER | |
| control field | OCoLC |
| 005 - DATE AND TIME OF LATEST TRANSACTION | |
| control field | 20241126110728.0 |
| 008 - FIXED-LENGTH DATA ELEMENTS--GENERAL INFORMATION | |
| fixed length control field | 950821s1995 ilua b 001 0 eng |
| 010 ## - | |
| -- | 95040450 |
| 020 ## - INTERNATIONAL STANDARD BOOK NUMBER | |
| International Standard Book Number | 0830814132 (cloth : alk. paper) |
| 020 ## - INTERNATIONAL STANDARD BOOK NUMBER | |
| International Standard Book Number | 9780830814138 (cloth : alk. paper) |
| 040 ## - CATALOGING SOURCE | |
| Original cataloging agency | DLC |
| Language of cataloging | eng |
| Transcribing agency | DLC |
| Modifying agency | CWS |
| -- | BAKER |
| -- | NLGGC |
| -- | YDXCP |
| -- | CFT |
| -- | OCLCF |
| 050 00 - | |
| -- | BT130 |
| -- | .B54 1995 |
| 082 ## - DEWEY DECIMAL CLASSIFICATION NUMBER | |
| Classification number | 231.4 |
| Item number | BLO |
| 100 1# - MAIN ENTRY--PERSONAL NAME | |
| Personal name | Bloesch, Donald G., |
| Dates associated with a name | 1928-2010. |
| 9 (RLIN) | 5941 |
| 245 10 - TITLE STATEMENT | |
| Title | God, the Almighty : |
| Remainder of title | power, wisdom, holiness, love / |
| Statement of responsibility, etc. | Donald G. Bloesch. |
| 260 ## - PUBLICATION, DISTRIBUTION, ETC. | |
| Place of publication, distribution, etc. | Downers Grove, Ill. : |
| Name of publisher, distributor, etc. | InterVarsity Press, |
| Date of publication, distribution, etc. | c1995. |
| 300 ## - PHYSICAL DESCRIPTION | |
| Extent | 329 p. : |
| Other physical details | ill. ; |
| Dimensions | 24 cm. |
| 490 1# - SERIES STATEMENT | |
| Series statement | Christian foundations |
| 504 ## - BIBLIOGRAPHY, ETC. NOTE | |
| Bibliography, etc. note | Includes bibliographical references (p. [264]-313) and indexes. |
| 505 0# - FORMATTED CONTENTS NOTE | |
| Formatted contents note | Theology's attempt to define God -- The self-revealing God -- Transcendence & immanence -- Power & wisdom -- Holiness & love -- The mystery of the Trinity -- The Biblical-classical synthesis -- The Biblical-modern synthesis. |
| 650 #0 - SUBJECT ADDED ENTRY--TOPICAL TERM | |
| Topical term or geographic name entry element | God (Christianity) |
| General subdivision | Attributes. |
| 9 (RLIN) | 8525 |
| 800 1# - | |
| -- | Bloesch, Donald G., |
| -- | 1928-2010. |
| -- | Christian foundations. |
| -- | 16290 |
| 942 ## - ADDED ENTRY ELEMENTS (KOHA) | |
| Source of classification or shelving scheme | Dewey Decimal Classification |
| Koha item type | Books |
| Withdrawn status | Lost status | Source of classification or shelving scheme | Damaged status | Not for loan | Home library | Current Library | Shelving location | Date acquired | Total checkouts | Full call number | Barcode | Date last seen | Date last checked out | Copy number | Price effective from | Koha item type |
|---|---|---|---|---|---|---|---|---|---|---|---|---|---|---|---|---|
| Dewey Decimal Classification | GRACE BIBLE COLLEGE | GRACE BIBLE COLLEGE | Theology | 2024-05-06 | 1 | 231.4 BLO | 016795 | 2025-09-01 | 2025-08-25 | c.1 | 2024-05-06 | Books |